| 000 | 00736nam a2200217 4500 | ||
|---|---|---|---|
| 003 | OSt | ||
| 005 | 20240701071557.0 | ||
| 006 | a | ||
| 008 | 240701b |||||||| |||| 00| 0 eng d | ||
| 020 | _a9780137057818 | ||
| 040 |
_aDWCL-HMN lib. _cOC |
||
| 082 |
_2Second edition _aCirc. 372.43 B972t 2011 |
||
| 100 | _aBursuck, William D. | ||
| 245 | _aTeaching reading to students who are at risk or have disabilities : a multi-tier approach / | ||
| 250 | _aSecond edition | ||
| 260 |
_aBoston : _bPearson Education, Inc., _cc2011. |
||
| 300 |
_axix, _b379 p. : ill. ; _c28 cm. |
||
| 504 | _aIncludes bibliographical references & indexes. | ||
| 650 | _a1. Reading-Remedial teaching. | ||
| 942 |
_2ddc _n0 _cBK-CIRC _eSecond edition _kCirc. |
||
| 999 |
_c1724 _d1724 |
||